| 000 | 00000nam 2200000zi 4500 |
| 001 | 9.873607 |
| 003 | CaOODSP |
| 005 | 20221107163949 |
| 006 | m o d f |
| 007 | cr cn||||||||| |
| 008 | 190527t20192019qucab ob f000 0 fre d |
| 020 | |a9780660310541 |
| 040 | |aCaOODSP|bfre|erda|cCaOODSP |
| 043 | |an-cn-on|an-cn-qu |
| 086 | 1 |aEn4-373/2019F-PDF |
| 245 | 00|aExamen de la gouvernance, des données existantes, des indicateurs potentiels et des valeurs dans le bassin versant de la rivière des Outaouais. |
| 264 | 1|aGatineau (Québec) : |bEnvironnement et changement climatique Canada = Environment and Climate Change Canada, |c[2019] |
| 264 | 4|c©2019 |
| 300 | |a1 ressource en ligne (viii pages, 11 pages non numérotées, 269 pages) : |bcartes en couleur, illustrations en couleur |
| 336 | |atexte|btxt|2rdacontent/fre |
| 337 | |ainformatique|bc|2rdamedia/fre |
| 338 | |aressource en ligne|bcr|2rdacarrier/fre |
| 500 | |aPublié aussi en anglais sous le titre : An examination of governance, existing data, potential indicators and values in the Ottawa River watershed. |
| 500 | |aTitre de la couverture. |
| 504 | |aComprend des références bibliographiques. |
| 653 | 10|abassin versant |
| 692 | 07|2gccst|aBassin hydrologique |
| 692 | 07|2gccst|aGestion de l'environnement |
| 692 | 07|2gccst|aPolitique gouvernementale |
| 710 | 1 |aCanada. |bEnvironnement et changement climatique Canada. |
| 775 | 08|tAn examination of governance, existing data, potential indicators and values in the Ottawa River watershed.|w(CaOODSP)9.873604 |
| 856 | 40|qPDF|s47.45 Mo|uhttps://publications.gc.ca/collections/collection_2019/eccc/En4-373-2019-fra.pdf |